Competition policy : a multilateral approach (Record no. 189287)

MARC details
000 -LEADER
fixed length control field 00417nam a2200157Ia 4500
005 - DATE AND TIME OF LATEST TRANSACTION
control field 20250417155623.0
008 - FIXED-LENGTH DATA ELEMENTS--GENERAL INFORMATION
fixed length control field 231217s9999 xx 000 0 und d
020 ## - INTERNATIONAL STANDARD BOOK NUMBER
International Standard Book Number 9788131404553
082 ## - DEWEY DECIMAL CLASSIFICATION NUMBER
Classification number 338.6048 DEE;1 R
100 ## - MAIN ENTRY--PERSONAL NAME
Personal name Deepika, M G ed.
245 #0 - TITLE STATEMENT
Title Competition policy : a multilateral approach
260 ## - PUBLICATION, DISTRIBUTION, ETC. (IMPRINT)
Date of publication, distribution, etc. 2006
Name of publisher, distributor, etc. Icfai
Place of publication, distribution, etc. Hyderabad
300 ## - PHYSICAL DESCRIPTION
Extent vi, 269
650 ## - SUBJECT ADDED ENTRY--TOPICAL TERM
Topical term or geographic name as entry element policy,multilateral
942 ## - ADDED ENTRY ELEMENTS (KOHA)
Koha item type Books
Holdings
Date last seen Total Checkouts Full call number Accession number Old discount Cost, replacement price Price effective from Category Public note Lost status Damaged status Department Withdrawn status bill no. bill date Permanent Location Current Location Shelving location Entry date Vendor Cost, normal purchase price Grants Currency symbol Conversion rate Discount Discount type
26/01/2024   338.6048 DEE;1 R 66110   38.00 26/01/2024 Books 66110     Central Library   1993 24/09/2014 Central Library Central Library Central Library 08/10/2010 ICFAI Press 38.00 MBA RS 1   Rupees
26/01/2024   338.6048 DEE;2 R1 66111   38.00 26/01/2024 Books 66111     F-Block Annex   1993 24/09/2014 Central Library Central Library F-Block Library Annex 08/10/2010 ICFAI Press 38.00 MBA RS 1   Rupees
26/01/2024   338.6048 DEE;3 66933   38.00 26/01/2024 Books 66933     Central Library   1993 12/12/2014 Central Library Central Library Central Library 18/11/2010 ICFAI Press 38.00 MBA RS 1   Rupees
26/01/2024   338.6048 DEE;4 66934   38.00 26/01/2024 Books 66934     Central Library   1993 12/12/2014 Central Library Central Library Central Library 18/11/2010 ICFAI Press 38.00 MBA RS 1   Rupees

© For any Suggestions or Query, please contact the library staff @ librarian@pes.edu or Phone: +9180 2672 1983/ 2108.